[Event "35th Reykjavik op"]
[Site "Reykjavik ISL"]
[Date "2022.04.10"]
[Round "6.9"]
[White "Cornette, Matthieu"]
[Black "Heimisson, Hilmir Freyr"]
[WhiteElo "2569"]
[BlackElo "2321"]
[Result "1-0"]
[EventDate "2022.04.06"]
[PlyCount "109"]

1. d4 Nf6 2. c4 e6 3. Nc3 Bb4 4. Nf3 O-O 5. Bg5 c5 6. Rc1 cxd4 7. Nxd4 h6 8. Bh4 d5 9. cxd5 g5 10. Bg3 Qxd5 11. e3 Qxa2 12. Bd3 Qxb2 13. O-O Bxc3 14. Rc2 Qb4 15. Nb5 e5 16. Rxc3 Nc6 17. f4 gxf4 18. Be1 Bg4 19. Qc1 Qe7 20. Bh4 Rad8 21. exf4 e4 22. Bb1 Rd5 23. Rg3 Rxb5 24. Rxg4+ Nxg4 25. Bxe7 Nxe7 26. Bxe4 Nf6 27. Bf3 Rc8 28. Qa1 Kg7 29. Qxa7 Nf5 30. Qa4 Rcc5 31. Re1 Rb2 32. g4 Nh4 33. Bh1 Rcb5 34. Qa1 Ng6 35. Rf1 Nxf4 36. Bf3 Ng6 37. Qe1 Re5 38. Qc3 Rbb5 39. Bxb7 Nxg4 40. Ba6 Rbc5 41. Qf3 f5 42. Bd3 Ne7 43. Qb7 Ne3 44. Ra1 N3d5 45. Kh1 Rc3 46. Rg1+ Kf7 47. Bb5 Nc7 48. Ba4 Ree3 49. Bd7 Re2 50. Ba4 Ree3 51. Qb8 Ng6 52. Qc8 Re6 53. Qd7+ Ne7 54. Qd4 Ree3 55. Rg7+ 1-0

[Event "35th Reykjavik op"]
[Site "Reykjavik ISL"]
[Date "2022.04.10"]
[Round "6.26"]
[White "Briem, Benedikt"]
[Black "Martin, Julian"]
[WhiteElo "2062"]
[BlackElo "2385"]
[Result "1/2-1/2"]
[EventDate "2022.04.06"]
[PlyCount "158"]

1. d4 Nf6 2. c4 e6 3. g3 Bb4+ 4. Nd2 O-O 5. Bg2 d5 6. Ngf3 dxc4 7. Qc2 b5 8. a4 c6 9. axb5 cxb5 10. Ng5 h6 11. h4 g6 12. Nxf7 Rxf7 13. Bxa8 Kg7 14. O-O a5 15. Nf3 Nbd7 16. Bf4 Nd5 17. Be5+ Nxe5 18. Nxe5 Rf6 19. Nc6 Qb6 20. Nxb4 Nxb4 21. Qd2 Bd7 22. Ra3 Bc6 23. Rfa1 Bxa8 24. Rxa5 Bb7 25. Qxb4 Qxd4 26. Qe1 Qxb2 27. Rb1 Qd4 28. Rbxb5 Bd5 29. Rc5 g5 30. h5 Rf5 31. Ra7+ Kf6 32. Qa1 Qxa1+ 33. Rxa1 Re5 34. Re1 g4 35. e4 Rxe4 36. Rxe4 Bxe4 37. Rxc4 Bf3 38. Rc8 Kg5 39. Rg8+ Kxh5 40. Kf1 Be4 41. Ke2 Bg6 42. Ke3 e5 43. Kd2 Kg5 44. Kc3 Kf5 45. Kb4 h5 46. Kc5 Bf7 47. Rf8 Ke6 48. Rb8 Kf5 49. Kd6 Ke4 50. Rb4+ Kf3 51. Kxe5 Kxf2 52. Kf4 Kg2 53. Rb7 Be8 54. Rb3 Kh3 55. Re3 Bf7 56. Re7 Bg6 57. Rg7 Be8 58. Ra7 Bg6 59. Re7 Kg2 60. Re2+ Kh3 61. Re6 Bf7 62. Rd6 Be8 63. Rd1 Bf7 64. Ra1 Be8 65. Ra3 Bf7 66. Re3 Kg2 67. Kg5 Kh3 68. Ra3 Be8 69. Rc3 Bf7 70. Re3 Bd5 71. Rd3 Bf3 72. Kf4 h4 73. gxh4 Kxh4 74. Rd8 Kh3 75. Rh8+ Kg2 76. Rh6 Be2 77. Rb6 Kf2 78. Rb3 Bf3 79. Rb2+ Be2 1/2-1/2

[Event "35th Reykjavik op"]
[Site "Reykjavik ISL"]
[Date "2022.04.10"]
[Round "6.105"]
[White "Sveinbjoernsson, Gudmundur Orri"]
[Black "Hafdisarson, Ingi Thor"]
[WhiteElo "1144"]
[BlackElo "1314"]
[Result "0-1"]
[EventDate "2022.04.06"]
[PlyCount "52"]

1. e4 c6 2. d4 d5 3. exd5 cxd5 4. Nf3 Bf5 5. Bf4 Nc6 6. c3 e6 7. Bb5 Nge7 8. O-O a6 9. Ba4 b5 10. Bc2 Bxc2 11. Qxc2 Nf5 12. Re1 Be7 13. Nbd2 O-O 14. Ne5 Rc8 15. Qd3 Na5 16. b4 Nc6 17. a3 Nxe5 18. Rxe5 Bd6 19. Rxf5 exf5 20. Be3 f4 21. Re1 fxe3 22. Rxe3 Re8 23. Rh3 g6 24. Nf3 Qe7 25. Qd2 Qe4 26. Rxh7 Qb1+ 0-1

[Event "35th Reykjavik op"]
[Site "Reykjavik ISL"]
[Date "2022.04.10"]
[Round "7.26"]
[White "Larkin, Vladislav"]
[Black "Foerster-Yialamas, Lucas"]
[WhiteElo "2424"]
[BlackElo "2075"]
[Result "1-0"]
[EventDate "2022.04.06"]
[PlyCount "69"]

1. e4 c5 2. Nf3 d6 3. Bb5+ Nd7 4. Ba4 Ngf6 5. O-O a6 6. c4 e5 7. Nc3 g6 8. d3 Bg7 9. a3 O-O 10. b4 b6 11. Rb1 Rb8 12. Qc2 Qc7 13. Bxd7 Bxd7 14. Bg5 Be6 15. bxc5 bxc5 16. Bxf6 Bxf6 17. Qa4 Qd7 18. Rxb8 Rxb8 19. Qxa6 Rb3 20. Rc1 Bg4 21. Nd2 Rb2 22. Nf1 Bg5 23. Rb1 Rxb1 24. Nxb1 Be2 25. Qb5 Qa7 26. a4 Bxd3 27. Nc3 Bxf1 28. Kxf1 Bd2 29. a5 Bxc3 30. a6 Qe7 31. Qb8+ Kg7 32. a7 Qg5 33. g3 Qd2 34. a8=Q Bd4 35. Qf8+ 1-0

[Event "35th Reykjavik op"]
[Site "Reykjavik ISL"]
[Date "2022.04.10"]
[Round "7.37"]
[White "Murphy, Ryan"]
[Black "Doluhanova, Evgeniya"]
[WhiteElo "2051"]
[BlackElo "2280"]
[Result "1/2-1/2"]
[EventDate "2022.04.06"]
[PlyCount "68"]

1. e4 c5 2. Nf3 d6 3. Bb5+ Nd7 4. c3 Ngf6 5. Qe2 a6 6. Ba4 e5 7. O-O Be7 8. d4 b5 9. Bc2 O-O 10. Rd1 Qc7 11. a4 bxa4 12. dxe5 dxe5 13. Bg5 Nb6 14. Nbd2 Be6 15. Bxa4 Nxa4 16. Rxa4 Rfd8 17. Rda1 h6 18. Bxf6 Bxf6 19. Rxa6 Rab8 20. Nc4 Bxc4 21. Qxc4 Rxb2 22. h3 Rb6 23. Ra7 Rb7 24. R7a6 Rd6 25. R6a5 Rc6 26. g3 Kh7 27. Kg2 Qd6 28. Ra7 Rcb6 29. Rxb7 Rxb7 30. Nh2 h5 31. Qe2 g6 32. h4 Kg7 33. Nf1 Qb8 34. Ra2 Rb1 1/2-1/2

[Event "35th Reykjavik op"]
[Site "Reykjavik ISL"]
[Date "2022.04.10"]
[Round "7.64"]
[White "Olesen, Poul Erik Norgaard"]
[Black "Kumar, Sanjit S"]
[WhiteElo "2010"]
[BlackElo "1792"]
[Result "1-0"]
[EventDate "2022.04.06"]
[PlyCount "125"]

1. e4 e6 2. d4 d5 3. Nc3 Bb4 4. Bd2 dxe4 5. Qg4 Nf6 6. Qxg7 Rg8 7. Qh6 Qxd4 8. Nge2 Qd8 9. Bg5 Rg6 10. Qh4 Nc6 11. Nf4 Qd4 12. Nfe2 Bxc3+ 13. Nxc3 Nb4 14. Bb5+ c6 15. Ba4 Bd7 16. Rd1 Qe5 17. Bxf6 Qxf6 18. Qxf6 Rxf6 19. Nxe4 Rg6 20. a3 Nd5 21. c4 Nb6 22. Bc2 Rxg2 23. Ng3 Nxc4 24. Be4 Rxg3 25. hxg3 Nxb2 26. Rb1 Nc4 27. a4 O-O-O 28. Rxh7 Nd6 29. Bc2 e5 30. Rd1 Be6 31. f4 exf4 32. gxf4 Kc7 33. f5 Nxf5 34. Bxf5 Rxd1+ 35. Kxd1 Bxf5 36. Rxf7+ Bd7 37. Kd2 Kd6 38. Kc3 b6 39. Rh7 a6 40. Rh6+ Be6 41. a5 b5 42. Rh8 Kc5 43. Rb8 Bc4 44. Rb6 Be2 45. Kb3 Bc4+ 46. Kc3 Kd6 47. Rxa6 Kc5 48. Rb6 b4+ 49. Rxb4 Bb5 50. Rf4 Kd5 51. Rf5+ Kd6 52. Kb4 Kc7 53. Rf7+ Kd6 54. Ra7 Be2 55. a6 c5+ 56. Ka5 c4 57. Rf7 c3 58. a7 c2 59. a8=Q c1=Q 60. Qd8+ Ke5 61. Re7+ Kf4 62. Qd4+ Kf3 63. Qe4+ 1-0

[Event "35th Reykjavik op"]
[Site "Reykjavik ISL"]
[Date "2022.04.11"]
[Round "8.5"]
[White "Thorfinnsson, Bragi"]
[Black "Niemann, Hans Moke"]
[WhiteElo "2419"]
[BlackElo "2637"]
[Result "1/2-1/2"]
[EventDate "2022.04.06"]
[PlyCount "119"]

1. Nf3 c5 2. b3 d6 3. Bb2 e5 4. e3 Nf6 5. Bb5+ Nc6 6. O-O a6 7. Bxc6+ bxc6 8. d3 a5 9. a4 g6 10. Nbd2 Bg7 11. Nc4 O-O 12. Nfd2 Be6 13. Qe2 Qc7 14. Rae1 Rfe8 15. Qd1 Nd7 16. f4 Bxc4 17. Nxc4 d5 18. Nxe5 Nxe5 19. Bxe5 Bxe5 20. fxe5 Rxe5 21. Rf6 Rae8 22. Qf3 R5e6 23. e4 R8e7 24. Rxe6 Rxe6 25. Rf1 dxe4 26. dxe4 c4 27. h3 Qe7 28. e5 Qe8 29. bxc4 Rxe5 30. Qf6 Re6 31. Qc3 Qd8 32. Kh1 h5 33. Qf3 Qe7 34. Qc3 Re5 35. Rb1 Kh7 36. Rf1 Kg8 37. Rd1 Qg5 38. Qf3 Rc5 39. Qd3 Rf5 40. Qe4 Qf6 41. Qd3 h4 42. Qd8+ Qxd8 43. Rxd8+ Kg7 44. Rd6 Rf6 45. Rd4 g5 46. Kg1 Rf4 47. Rxf4 gxf4 48. Kf2 Kf6 49. Kf3 Kf5 50. c5 f6 51. c3 Ke5 52. Kg4 Ke4 53. Kxh4 f3 54. Kg3 fxg2 55. Kxg2 Ke3 56. h4 Kf4 57. Kh3 f5 58. c4 Ke3 59. Kg2 Kf4 60. Kh3 1/2-1/2

[Event "35th Reykjavik op"]
[Site "Reykjavik ISL"]
[Date "2022.04.11"]
[Round "8.6"]
[White "Jarmula, Lukasz"]
[Black "Sadhwani, Raunak"]
[WhiteElo "2434"]
[BlackElo "2628"]
[Result "1-0"]
[EventDate "2022.04.06"]
[PlyCount "87"]

1. e4 c5 2. Nf3 d6 3. Bb5+ Nd7 4. c4 Ngf6 5. Nc3 g6 6. O-O Bg7 7. d4 cxd4 8. Nxd4 O-O 9. Bxd7 Bxd7 10. Qd3 Rc8 11. h3 a6 12. a4 Qa5 13. Be3 Bc6 14. Rab1 Nd7 15. b3 Qh5 16. f4 Nc5 17. Qc2 Ne6 18. Qd2 Nxd4 19. Bxd4 e5 20. fxe5 Bxe5 21. Bxe5 Qxe5 22. Nd5 Bxd5 23. exd5 Rce8 24. Rbe1 Qg3 25. Qf2 Qxf2+ 26. Kxf2 a5 27. Re3 Rxe3 28. Kxe3 Re8+ 29. Kd3 Kg7 30. c5 dxc5 31. Kc4 Re2 32. Kxc5 Kf8 33. Rf6 Rxg2 34. Rb6 Rc2+ 35. Kd6 f5 36. Ke5 Re2+ 37. Kf6 f4 38. Rxb7 f3 39. Rxh7 Kg8 40. Rg7+ Kh8 41. Rc7 Re1 42. Rc2 Re2 43. Rc3 f2 44. Kxg6 1-0

[Event "35th Reykjavik op"]
[Site "Reykjavik ISL"]
[Date "2022.04.11"]
[Round "8.10"]
[White "Fantinel, Thibault"]
[Black "Maze, Sebastien"]
[WhiteElo "2378"]
[BlackElo "2524"]
[Result "1/2-1/2"]
[EventDate "2022.04.06"]
[PlyCount "140"]

1. e4 c5 2. Nf3 e6 3. Nc3 Nc6 4. Bb5 Nd4 5. O-O a6 6. Bd3 Ne7 7. Nxd4 cxd4 8. Ne2 d5 9. Re1 Nc6 10. exd5 Qxd5 11. Nf4 Qd6 12. g3 g6 13. Be4 Bg7 14. c4 O-O 15. d3 Bd7 16. Bd2 a5 17. a3 Rfb8 18. Qc2 Bf8 19. Rec1 b6 20. b3 Ra6 21. Qb2 Ne5 22. b4 f5 23. Bg2 Ra7 24. Qc2 Bc6 25. c5 bxc5 26. bxc5 Qd7 27. Re1 Bg7 28. Rxe5 Bxe5 29. Qc4 Bxg2 30. Kxg2 Qc6+ 31. Kg1 Kf7 32. Re1 Bxf4 33. Bxf4 Rd8 34. Bd6 Rxd6 35. cxd6 Qxd6 36. Qc8 Qf8 37. Qxe6+ Kg7 38. Qb6 Rd7 39. Qxa5 Qd6 40. a4 f4 41. Qa8 Qb4 42. Qe8 Rf7 43. Qe5+ Kh6 44. g4 Qxa4 45. h4 Qc6 46. Qg5+ Kg7 47. h5 h6 48. Qxg6+ Qxg6 49. hxg6 Kxg6 50. Kg2 Rc7 51. Re4 Kg5 52. Kf3 Rc2 53. Rxd4 Rd2 54. Rd6 Rc2 55. Rd5+ Kg6 56. d4 Rd2 57. Rd6+ Kg5 58. Rd5+ Kg6 59. Kxf4 Rxf2+ 60. Ke3 Rg2 61. Kf3 Rd2 62. Rd8 Kf6 63. Ke4 Rg2 64. Kf4 Rf2+ 65. Ke3 Rg2 66. Kf3 Rd2 67. d5 Ke7 68. Rh8 Rxd5 69. Rxh6 Kf7 70. Rh5 Rxh5 1/2-1/2

[Event "35th Reykjavik op"]
[Site "Reykjavik ISL"]
[Date "2022.04.11"]
[Round "8.12"]
[White "Mishra, Abhimanyu"]
[Black "Baskin, Robert"]
[WhiteElo "2524"]
[BlackElo "2393"]
[Result "1-0"]
[EventDate "2022.04.06"]
[PlyCount "139"]

1. e4 c5 2. Nf3 d6 3. Bb5+ Nd7 4. a4 Ngf6 5. Nc3 a6 6. Be2 b6 7. d4 cxd4 8. Qxd4 Bb7 9. O-O e6 10. Rd1 Qc7 11. Be3 Ng4 12. Bg5 h6 13. Bh4 Nge5 14. h3 Rc8 15. Bg3 Be7 16. Rd2 O-O 17. Nxe5 Nxe5 18. Ra3 Nc6 19. Qe3 Bg5 20. Bf4 Bxf4 21. Qxf4 Ne5 22. Qe3 Rfd8 23. Rb3 Nd7 24. Rb4 Kf8 25. Rc4 Qb8 26. Rxc8 Rxc8 27. Qd4 Rc6 28. Na2 Rc8 29. Nb4 Nc5 30. f3 a5 31. Nd3 e5 32. Nxc5 Rxc5 33. Qxd6+ Qxd6 34. Rxd6 Rxc2 35. Bb5 Bc8 36. Rxb6 Ke7 37. Bd3 Rc5 38. Kf2 Bd7 39. b3 Be6 40. b4 Rc3 41. Ke2 axb4 42. Rxb4 Ra3 43. Rb7+ Kf6 44. Bb5 Ra2+ 45. Kf1 h5 46. Ra7 h4 47. a5 Kg5 48. Kg1 Kf4 49. Kh2 Rb2 50. Rb7 f5 51. Rb6 fxe4 52. fxe4 Bc8 53. Rb8 Ke3 54. Rxc8 Rxb5 55. Rc3+ Kxe4 56. Ra3 Rb7 57. a6 Ra7 58. g3 hxg3+ 59. Kxg3 Kf5 60. Kf3 g6 61. Ra4 Ke6 62. Ra5 Kf5 63. Ra1 Kf6 64. Ke4 Ke6 65. Ra2 Kf6 66. Ra5 Kg5 67. Kxe5 Kh4 68. Kf6 g5 69. Kg6 Ra8 70. Ra4+ 1-0

[Event "35th Reykjavik op"]
[Site "Reykjavik ISL"]
[Date "2022.04.11"]
[Round "8.25"]
[White "Roe, Simon J"]
[Black "Sarkar, Justin"]
[WhiteElo "2211"]
[BlackElo "2314"]
[Result "0-1"]
[EventDate "2022.04.06"]
[PlyCount "68"]

1. Nf3 d5 2. c4 d4 3. e3 c5 4. b4 dxe3 5. fxe3 cxb4 6. d4 Nf6 7. Be2 Bf5 8. O-O e6 9. a3 Nc6 10. c5 bxa3 11. Nxa3 Be7 12. Nc4 O-O 13. Bd2 Ne4 14. Be1 Qd5 15. Qc1 Bf6 16. Bh4 g5 17. Bg3 Nxg3 18. hxg3 g4 19. Nh4 Nxd4 20. exd4 Qxd4+ 21. Qe3 Qxe3+ 22. Nxe3 Bd4 23. Nhxf5 exf5 24. Rxf5 Bxa1 25. Nxg4 Rac8 26. Kh2 Kh8 27. Bd3 Rc7 28. Rh5 f6 29. Nh6 Be5 30. Kh3 Rd8 31. Bc4 Rd1 32. Kh2 Rxc5 33. Be2 Re1 34. Bf3 Rcc1 0-1

[Event "35th Reykjavik op"]
[Site "Reykjavik ISL"]
[Date "2022.04.11"]
[Round "8.72"]
[White "Jaivardhan, Raj"]
[Black "Skarphedinsson, Ingvar Wu"]
[WhiteElo "2006"]
[BlackElo "1673"]
[Result "1/2-1/2"]
[EventDate "2022.04.06"]
[PlyCount "142"]

1. e4 e6 2. d4 d5 3. Nd2 Nf6 4. e5 Nfd7 5. Bd3 c5 6. c3 Nc6 7. Ne2 cxd4 8. cxd4 f6 9. exf6 Nxf6 10. Nf3 Bd6 11. O-O O-O 12. Nc3 e5 13. dxe5 Nxe5 14. Be2 Nxf3+ 15. Bxf3 Be6 16. Bg5 Bc7 17. Bxf6 Rxf6 18. Bxd5 Qd6 19. Bxe6+ Qxe6 20. Nd5 Rf7 21. Nxc7 Rxc7 22. Re1 Qf6 23. Qb3+ Rf7 24. Re2 Raf8 25. Rd1 Kh8 26. Qd5 Re7 27. Qd2 Ref7 28. Rde1 Qb6 29. Qe3 Qa5 30. a3 a6 31. b4 Qa4 32. Qc3 Qd7 33. Qb3 h6 34. h3 Qd4 35. Qe3 Qd6 36. Rd2 Qg6 37. Red1 Qf6 38. f3 Re7 39. Qd4 Qe6 40. Kf2 Rfe8 41. Qd5 Qg6 42. Qc4 b5 43. Qg4 Qb6+ 44. Qd4 Qe6 45. Qf4 Qg6 46. Kf1 Kh7 47. Qd6 Qg5 48. Qd4 Qg3 49. Qd3+ Kh8 50. Qb1 Rf7 51. Qb3 Rfe7 52. Qb1 Rf7 53. Rd3 Qh2 54. Re3 Rff8 55. Rxe8 Rxe8 56. Kf2 Qe5 57. Qd3 Qb2+ 58. Rd2 Qf6 59. Qd6 Qh4+ 60. Qg3 Qe7 61. Kf1 Qe3 62. Qf2 Qxa3 63. Qd4 Qc1+ 64. Rd1 Qc2 65. Qd3 Qc7 66. Kf2 Qe7 67. Qd4 Qe2+ 68. Kg3 Qe7 69. Qh4 Qc7+ 70. Qf4 Qe7 71. Qh4 Qc7+ 1/2-1/2

[Event "35th Reykjavik op"]
[Site "Reykjavik ISL"]
[Date "2022.04.12"]
[Round "9.31"]
[White "Thorfinnsson, Bjoern"]
[Black "Foerster-Yialamas, Lucas"]
[WhiteElo "2381"]
[BlackElo "2075"]
[Result "0-1"]
[EventDate "2022.04.06"]
[PlyCount "118"]

1. d4 Nf6 2. Nf3 g6 3. Bg5 Bg7 4. e3 c5 5. c3 Qb6 6. Qb3 O-O 7. Nbd2 Nc6 8. Nc4 Qxb3 9. axb3 cxd4 10. exd4 Nd5 11. Ne3 Nxe3 12. fxe3 d5 13. Bb5 f6 14. Bxc6 bxc6 15. Bf4 Re8 16. Bc7 e5 17. Kf2 e4 18. Nd2 f5 19. Ra4 Re7 20. Bd6 Re6 21. Bf4 Bf6 22. h4 Kg7 23. b4 h6 24. Nb3 g5 25. Bg3 Re7 26. Nc5 Rf7 27. Ke2 f4 28. exf4 gxf4 29. Bxf4 Bxd4 30. g3 Bxc5 31. bxc5 h5 32. Ke3 Kf6 33. Kd4 Ke6 34. Rha1 Kf5 35. Ke3 Kg4 36. b4 a6 37. R4a2 Raa7 38. Kd4 Rf5 39. Ra5 Re7 40. Ke3 Re8 41. Rd1 Kh3 42. Ra2 Kg4 43. Rd4 Kh3 44. c4 dxc4 45. g4 Kxg4 46. Rg2+ Kxh4 47. Rh2+ Kg4 48. Rg2+ Kh4 49. Rh2+ Kg4 50. Rd1 h4 51. Rg1+ Kh5 52. Rgh1 Rxf4 53. Kxf4 h3 54. Re2 Rf8+ 55. Ke5 Bg4 56. Rxe4 Re8+ 57. Kf4 Rxe4+ 58. Kxe4 Kh4 59. Ke3 Be6 0-1